| 000 | 00835nam a2200205 a 4500 | ||
|---|---|---|---|
| 001 | BRCA_594 | ||
| 005 | 20190320203058.0 | ||
| 008 | 200508s----2007us-#---###---#000-0#eng-# | ||
| 050 | 4 |
_aNK4565 _b.D97 2007 |
|
| 100 | 1 |
_aDursum, Brian A. _92047 |
|
| 245 | 1 | 0 |
_aClay and Brush _bThe Ceramic Art of China : The Collection of the Lowe Art Museum University of Miami _cBrian A. Dursum. |
| 260 |
_aCoral Gables, Florida _bLowe Art Museum University of Miami _c2007 |
||
| 300 |
_a141 p. _bil. a color _c28 cm. |
||
| 500 | _aCatálogo de la exposición realizada en el Museo de Arte Lowe (Miami), 9 junio - 26 agosto, 2007 | ||
| 546 | _aTexto en inglés y chino | ||
| 610 | 2 | 4 |
_aMuseo de Arte Lowe (Miami) _xColecciones de arte _92048 |
| 650 | 1 | 4 |
_aCerámica china _vExposiciones _92049 |
| 650 | 1 | 4 |
_aPorcelana china _xHistoria _92050 |
| 942 |
_2lcc _cB |
||
| 999 |
_c522 _d522 |
||